En Yakın Altı Ülke - Antigua ve Barbuda - Statistics

General Stats
  • This quiz has been taken 36 times
  • The average score is 2 of 6
Answer Stats
km ülke % Correct
467 Barbados
50%
154 Dominika
43%
333 Saint Lucia
36%
500 Grenada
29%
409 Saint Vincent ve Grenadinler
21%
68 Saint Kitts ve Nevis
4%
No matching quizzes found
Score Distribution
Percent of People with Each Score
Percentile by Number Answered
Your Score History
You have not taken this quiz